Estudio técnico económico y social valle bonaerense Río Colorado : primera fase /

Guardado en:
Autor Corporativo: Edison Consult, S. A.
Formato: Libro
Idioma:Spanish
Publicado: Río Colorado : CORFO, 1967.
Etiquetas: Agregar Etiqueta
Sin Etiquetas, Sea el primero en etiquetar este registro!
LEADER 00688nam a22001695a 4500
001 EUN.um057148
003 AR-BaUNS
005 20050623122925.0
008 041125s1967####ag#a##########000#0#spa#d
245 1 0 |a Estudio técnico económico y social valle bonaerense Río Colorado :  |b primera fase /  |c Edison Consult, S. A. 
260 |a Río Colorado :  |b CORFO,  |c 1967. 
300 |a 5 v. :  |b ilus. ;  |c 34 cm. 
082 0 4 |a 333.72 
110 2 |a Edison Consult, S. A. 
859 |a Ar-BaUNS  |b BIB. CENTRAL - Sector C  |h 333.72  |i Ed47  |k F  |p 46843/968  |v v.1 
859 |a Ar-BaUNS  |b BIB. CENTRAL - Sector C  |h 333.72  |i Ed47  |k F  |p 46838/968  |t Ej.2  |v v.1 
859 |a Ar-BaUNS  |b BIB. CENTRAL - Sector C  |h 333.72  |i Ed47  |k F  |p 46649/968  |t Ej.3  |v v.1